000 01411nam a2200241Ia 4500
003 Ost
005 20260507074941.0
008 260507s9999||||xx |||||||||||||| ||und||
020 _a9957478206
040 _cfsecg
041 _aara
082 _a658.409
100 _aعبوي، زيد منير
_eمؤلف
245 0 _aالادارة و اتجاهاتها المعاصرة :
_bوظائف المدير /
_c زيد منير عبوي
250 _aطبعة 1
260 _aعمان:
_bدار حجلة,
_c2007
300 _a268 صفحة؛
_c24 سم
504 _aبيبليوغرافي ص. 263
520 _aيعرض هذا الكتاب في طياته مايلي : مدخل إلى الادارة ، وظائف الادارة ، الادارة المعاصرة الحديثة ، عوامل نجاح الادارة في ظل في الظروف المتغيرة ، أهمية إختيار المدير المناسب ، التجديد والاصلاح في القيادة الادارية للمؤسسات ، تنمية القدرات الادارية ، تعريف الرؤيا وتوثيقها في خدمة الفحوى ، الادارة والحكومة الالكترونية ، ادارة المعرفة ودورها في ارساء تجمع المعلومات ، الهندرة
653 _aالرؤساء و المديرون
653 _aالقيادة الإدارية
942 _cكتاب
999 _c41933
_d41933